Most Japanese US cities by population - Statistics

General Stats
  • This quiz has been taken 61 times
    43 since last reset
  • The average score is 6 of 15
Answer Stats
Population Answer % Correct
36,992 Los Angeles
97%
11,410 San Francisco
97%
8,979 Seattle
89%
86,612 Honolulu
83%
11,484 San Jose
80%
6,642 Sacramento
57%
10,863 Hilo
29%
5,088 Irvine
17%
13,991 Torrance
17%
9,621 Pearl City
14%
7,126 Mililani
9%
6,712 Gardena
3%
8,259 Kaneohe
3%
4,433 Monterrey Park
3%
8,473 Waimalu
0%
No matching quizzes found
Score Distribution
Percent of People with Each Score
Percentile by Number Answered
Your Score History
You have not taken this quiz since the last reset